Communication skills : (Record no. 28921)

000 -LEADER
fixed length control field 00467nam a22001457a 4500
008 - FIXED-LENGTH DATA ELEMENTS--GENERAL INFORMATION
fixed length control field 170510b xxu||||| |||| 00| 0 eng d
020 ## - INTERNATIONAL STANDARD BOOK NUMBER
International Standard Book Number 9966499091
050 ## - LIBRARY OF CONGRESS CALL NUMBER
Classification number P 91.3 .M83 1993
100 ## - MAIN ENTRY--PERSONAL NAME
Personal name Muchiri, Mary Nyambura
245 ## - TITLE STATEMENT
Title Communication skills :
Remainder of title a self-study course for Universities and Colleges /
260 ## - PUBLICATION, DISTRIBUTION, ETC. (IMPRINT)
Place of publication, distribution, etc. Nairobi :
Name of publisher, distributor, etc. Longman Kenya Ltd,
Date of publication, distribution, etc. c1993
300 ## - PHYSICAL DESCRIPTION
Extent 160 p. :
Other physical details ill. ;
Dimensions 21 cm.
650 ## - SUBJECT ADDED ENTRY--TOPICAL TERM
Topical term or geographic name as entry element Communication skills.
942 ## - ADDED ENTRY ELEMENTS (KOHA)
Source of classification or shelving scheme
Koha item type Short Loan Books
Koha issues (borrowed), all copies 29
Holdings
Withdrawn status Lost status Source of classification or shelving scheme Damaged status Not for loan Home library Current library Shelving location Date acquired Source of acquisition Total Checkouts Full call number Barcode Date last seen Date last checked out Price effective from Koha item type
          MACHAKOS UNIVERSITY LIBRARY MACHAKOS UNIVERSITY LIBRARY Short Loan 10/05/2017 Purchase 31 P 91.3 .M83 1993 449 24/11/2022 24/11/2022 10/05/2017 Short Loan Books
          MACHAKOS UNIVERSITY LIBRARY MACHAKOS UNIVERSITY LIBRARY Short Loan 28/09/2017   22 P 91.3 .M83 1993 583 14/10/2024 14/10/2024 28/09/2017 Short Loan Books
          MACHAKOS UNIVERSITY LIBRARY MACHAKOS UNIVERSITY LIBRARY Short Loan 07/05/2024   1 P 91.3 .M83 1993 164 22/09/2025 22/09/2025 07/05/2024 Short Loan Books
© Machakos University Library, Along The Highway, Machakos Wote Rd, Machakos, Kenya P.O. Box 136 - 90100 Machakos - Kenya

Tel: ( +254 ) 723 805829 OR Fax : 044-20353 OR Email: library@mksu.ac.ke